<?xml version="1.0" encoding="UTF-8"?>
<record
    xmlns:xsi="http://www.w3.org/2001/XMLSchema-instance"
    xsi:schemaLocation="http://www.loc.gov/MARC21/slim http://www.loc.gov/standards/marcxml/schema/MARC21slim.xsd"
    xmlns="http://www.loc.gov/MARC21/slim">

  <leader>00414nam a22001457a 4500</leader>
  <datafield tag="999" ind1=" " ind2=" ">
    <subfield code="c">12948</subfield>
    <subfield code="d">12948</subfield>
  </datafield>
  <controlfield tag="008">211228b           ||||| |||| 00| 0 eng d</controlfield>
  <datafield tag="041" ind1="0" ind2=" ">
    <subfield code="a">eng</subfield>
  </datafield>
  <datafield tag="082" ind1="0" ind2="0">
    <subfield code="a">351.5</subfield>
    <subfield code="b">M9927</subfield>
  </datafield>
  <datafield tag="100" ind1=" " ind2=" ">
    <subfield code="9">1282</subfield>
    <subfield code="a">Muthuswamy, P.</subfield>
  </datafield>
  <datafield tag="245" ind1="1" ind2="0">
    <subfield code="a">Master guide to FR &amp; SR</subfield>
  </datafield>
  <datafield tag="260" ind1=" " ind2=" ">
    <subfield code="a">New Delhi :</subfield>
    <subfield code="b">Swamy Publications,</subfield>
    <subfield code="c">1992.</subfield>
  </datafield>
  <datafield tag="300" ind1=" " ind2=" ">
    <subfield code="a">372 p.</subfield>
  </datafield>
  <datafield tag="650" ind1=" " ind2="0">
    <subfield code="a">Public Administration -  India</subfield>
    <subfield code="x">Financial Rules</subfield>
  </datafield>
  <datafield tag="942" ind1=" " ind2=" ">
    <subfield code="c">BK</subfield>
  </datafield>
  <datafield tag="952" ind1=" " ind2=" ">
    <subfield code="0">0</subfield>
    <subfield code="1">0</subfield>
    <subfield code="2">ddc</subfield>
    <subfield code="4">0</subfield>
    <subfield code="6">351_500000000000000_M9927</subfield>
    <subfield code="7">0</subfield>
    <subfield code="9">23705</subfield>
    <subfield code="a">CL</subfield>
    <subfield code="b">CL</subfield>
    <subfield code="d">1992-02-06</subfield>
    <subfield code="e">Swamy Publishers</subfield>
    <subfield code="g">56.00</subfield>
    <subfield code="o">351.5 M9927</subfield>
    <subfield code="p">08019</subfield>
    <subfield code="r">2021-12-28</subfield>
    <subfield code="v">560.00</subfield>
    <subfield code="y">BK</subfield>
  </datafield>
</record>
